| 000 | 01043nam a2200205 i 4500 | ||
|---|---|---|---|
| 001 | 000637350 | ||
| 003 | AM-YeHGA | ||
| 005 | 20250617140659.0 | ||
| 008 | 090227s1986 ||| r 000 0 rus d | ||
| 040 | _aAM-YeHGA | ||
| 041 | 0 | _arus | |
| 245 | 0 | 0 |
_aГеофизические исследования на широтах авроральной зоны : _bСборник научных трудов / _cАН СССР, Сиб. отд-ние, Якут. фил., Ин-т космофиз. исслед. и аэрономии; Редкол.: В.М. Филиппов (отв. ред.) и др. |
| 260 |
_aЯкутск : _bЯФ СО АН СССР, _c1986. |
||
| 300 |
_a149 с., : _bил., [1] л. ил. |
||
| 504 | _aБиблиогр. в конце ст. | ||
| 653 | 0 | _aГеофизические исследования - Сборники | |
| 700 | 1 |
_aФилиппов, В.М _eред. _4edt |
|
| 710 | 2 | _aИнститут космофизических исследований и аэрономии СО АН СССР | |
| 090 | _c226061 | ||
| 999 |
_c224521 _d224521 |
||